| 000 | 01040aab a2200205 i 4500 | ||
|---|---|---|---|
| 001 | 768714001 | ||
| 003 | CO-MdFUSB | ||
| 005 | 20230508155418.0 | ||
| 008 | 221104s2002 sp ||||| |||| 00| 0 spa d | ||
| 040 |
_bspa _cCO-MdFUSB _dCO-MdFUSB |
||
| 041 | _aspa | ||
| 100 | 1 |
_aKirkley, Evelyn A. _eautor |
|
| 245 | 1 | 0 |
_aLos derechos de la mujer y los derechos humanos : _blogros y contradicciones _c/ Evelyn A. Kirkley |
| 300 |
_aNúmero 298 (2002), Páginas 9 - 21 _c; 21 cm |
||
| 520 | _aPresento a continuación una lista, que no pretende ser exhaustiva, de los "diez máximos" logros conseguidos por el movimiento de los derechos de la mujer en la historia del cristianismo y las contradicciones que han provocado. Se trata de instantáneas de individuos y grupos que han revolucionado el cristianismo presentado los derechos de la mujer como derechos humanos. | ||
| 650 | 7 |
_9296 _aDerechos humanos |
|
| 650 | 7 |
_9325 _aMujeres _xDerechos |
|
| 773 | 0 |
_tConcilium _049450 _960415 _gNúmero 298 (2002), Páginas 9 - 21 _qPáginas 9 |
|
| 942 | _cANA | ||
| 999 |
_c49919 _d49919 |
||